000 00354 a2200169 4500
001 191974
020 _a978-85-08-15021-2
040 _cMagnum
100 _aSousa, Cruz e
240 1 0 _aAntologia poética
_lpor
245 1 0 _aAntologia poética
300 _a216
362 0 _a2012
440 1 _aÁtica
697 _aLITERATURA GERAL
942 _cBK
999 _c191974
_d191974